| 000 | 00623nam a2200193 a 4500 | ||
|---|---|---|---|
| 005 | 20140310183457.0 | ||
| 008 | 100304s19uu xx 00 eng d | ||
| 020 | _a9780071486682 | ||
| 050 |
_aPE 1115 _b.B626 2009 |
||
| 100 | _aBooher, Dianna | ||
| 245 |
_aBooher's rules of business grammar : _b101 fast and easy ways to correct the most common errors / _cDianna Booher. |
||
| 260 |
_aNew york : _bMcGraw-Hill, _c2009. |
||
| 300 |
_a294 p. : _c25 cm. |
||
| 650 |
_aEnglish language _xGrammar. |
||
| 650 |
_aEnglish language _xusage. |
||
| 650 |
_aBusiness composition _xGrammar. |
||
| 942 |
_cBK _2lcc |
||
| 999 |
_c23654 _d23654 |
||